MDQL
is popping MORE tags! Check the
thread
!
Quizzes
Events
Quiz Creation
Community
Videos
Private Events
Remove Ads
Sign In
Join for FREE
Feedback
Dark Mode
Quiz Categories
Sports
Geography
Music
Movies
Television
Just For Fun
Miscellaneous
History
Literature
Language
Science
Gaming
Entertainment
Religion
Holiday
For Kids
Quiz Lab
Recent
Popular Today
Quiz Kudos Today
Editor Picks
Curator Picks
Quizzes by...
Day
Popularity
Type
Ratings
Length
Year
Community
Subscriptions
Recent Discussions
Orange Saloon
Badges
Playlists
Quests
Create
Leaderboards
Showdown
Live 5
Trivia Bingo
Activity
Puzzle Library
Sporcle Events
Private Events
Virtual Trivia
Globe League
Become a Host
Pub Owners
SporcleCon
Opinionation
Our Games
Videos
Blog
Mobile Apps
Partnerships
Remove Ads and Go Orange
Feedback
Sports
Athletes
MLB
NBA
NHL
NFL
Soccer
Sports Teams
WWE
NCAA
Football
Premier League
Basketball
Baseball
Hockey
Golf
Tennis
Cricket
Rugby
Auto Racing
Olympics
World Cup
Sports
Athletes
MLB
NBA
NHL
NFL
Soccer
Sports Teams
WWE
NCAA
Football
Premier League
Basketball
Baseball
Hockey
Golf
Tennis
Cricket
Rugby
Auto Racing
Olympics
World Cup
Random Quiz
Search Sporcle
×
Quiz Lab
Quiz Lab
Sports
Premier League
Type in answers that appear in a list
Type in answers that appear in a list
Classic
Best Score? Go Orange.
Newcastle United red cards premier league Stats
Can you name the Newcastle red cards in premier league?
By
jamesrodge
10m
80 Questions
784 Plays
784 Plays
784 Plays
Comments
Comments
Give Quiz Kudos
Give Quiz Kudos
-
- Ratings
hide this ad
More Info
Replay
Link that replays current quiz
Next Quiz
Link to next quiz in quiz playlist
You Got
0%
They Got
Avg Score
47%
Avg Friend Score
Upgrade to see
Score Distribution
Jump to the score distribution portion of the page
Score
0/80
Timer
10:00
0
Plays Today
Match
Player
% Correct
7th Aug 1999 V Aston Villa
Alan Shearer
95.7%
3rd May 2009 @ Liverpool
Joey Barton
89.4%
16th Oct 1999 @ Coventry
Warren Barton
89.2%
23rd Aug 2000 V Derby
Warren Barton
89.2%
2nd Jan 2001 @ Spurs
Kieron Dyer
86.5%
2nd Apr 2005 V Aston Villa
Kieron Dyer
86.5%
19th Aug 2013 @ Man City
Steven Taylor
85.2%
6th Dec 2014 V Chelsea
Steven Taylor
85.2%
19th Dec 2004 @ Liverpool
Lee Bowyer
84.8%
2nd Apr 2005 V Aston Villa
Lee Bowyer
84.8%
26th Dec 2005 @ Liverpool
Lee Bowyer
84.8%
2nd Apr 2005 V Aston Villa
Steven Taylor
84.2%
18th Sept 2005 @ Blackburn
Steven Taylor
84.2%
13th Aug 2017 V Spurs
Jonjo Shelvey
82.6%
13th Dec 2017 V Everton
Jonjo Shelvey
82.6%
25th October 2015 @ Sunderland
Fabricio Coloccini
81.9%
4th Nov 2012 @ Liverpool
Fabricio Coloccini
78.6%
15th March 2015 @ Everton
Fabricio Coloccini
78.5%
14th April 1995 @ Everton
Robert Lee
75.8%
21st Oct 2012 @ Sunderland
Cheick Tiote
72.1%
3rd Feb 2016 @ Everton
Jamaal Lascelles
71%
9th Feb 2003 V Arsenal
Laurent Robert
69.8%
13th Sept 2003 @ Everton
Laurent Robert
69.8%
23rd Aug 2014 @ Aston Villa
Mike Williamson
68.9%
22nd Feb 2009 V Everton
Kevin Nolan
68.5%
2nd May 2015 @ Leicester
Mike Williamson
68.3%
11th May 2014 @ Liverpool
Shola Ameobi
66%
23rd Nov 1996 @ Chelsea
David Batty
65.6%
23rd Aug 1997 V Aston Villa
David Batty
65.6%
26th Dec 1997 @ Derby
David Batty
65.6%
10th May 1998 @ Blackburn
David Batty
65.6%
7th May 2005 @ Everton
Shola Ameobi
64.5%
7th May 2006 V Chelsea
Stephen Carr
63.4%
26th Feb 2011 V Bolton
Ryan Taylor
63.4%
2nd Jan 2001 @ Spurs
Nolberto Solano
63%
14th April 2001 @ Ipswich
Nolberto Solano
63%
17th Jan 2009 @ Blackburn
Nicky Butt
61.6%
24th Sept 1994 V Liverpool
Phillipe Albert
61.5%
24th Sept 2006 V Everton
Titus Bramble
61%
12th Jan 2008 @ Man Utd
Alan Smith
60.7%
Match
Player
% Correct
29th August 2015 V Arsenal
Aleksandar Mitrovic
58.1%
15th May 2016 V Spurs
Aleksandar Mitrovic
58.1%
4th Oct 1998 @ Arsenal
Nicos Dabizas
56.8%
17th Jan 1999 @ Charlton
Nicos Dabizas
56.8%
30th Aug 1999 @ Man Utd
Nicos Dabizas
56.8%
19th Oct 2002 @ Blackburn
Nicos Dabizas
56.8%
20th Nov 2010 @ Bolton
Fabricio Coloccini
56.6%
29th Nov 2014 @ West Ham
Moussa Sissoko
56.1%
13th April 2015 @ Liverpool
Moussa Sissoko
55.8%
12th May 2013 @ QPR
Rob Elliott
55.6%
18th Aug 1993 @ Coventry
Pavel Srnicek
54.5%
21st Aug 1994 @ Leicester
Pavel Srnicek
54.5%
3rd May 1995 V Spurs
Pavel Srnicek
54.5%
9th Nov 2003 @ Chelsea
Andy O'Brien
54.1%
18th April 2004 @ Aston Villa
Andy O'Brien
54.1%
16th Dec 1995 V Everton
John Beresford
53.7%
9th Dec 2018 V Wolves
DeAndre Yedlin
51%
2nd May 2015 @ Leicester
Darryl Janmaat
50.5%
19th March 2006 V Liverpool
Jean-Alain Boumsong
49.6%
27th April 2013 V Liverpool
Mathieu Debuchy
48.8%
1st Jan 2014 @ West Brom
Mathieu Debuchy
48.8%
26th Nov 2011 @ Man Utd
Jonas Gutierrez
48.3%
15th August 2015 @ Swansea
Darryl Janmaat
47.7%
3rd May 1997 @ Arsenal
Keith Gillespie
45.4%
27th Oct 2019 V Wolves
Sean Longstaff
45.2%
13th Sept 2008 V Hull
Danny Guthrie
40.4%
10th Sept 2005 V Fulham
Scott Parker
39%
28th Jan 2014 @ Norwich
Loic Remy
38.1%
26th Dec 2008 @ Wigan
Sebastian Bassong
36.2%
16th May 2009 V Fulham
Sebastian Bassong
36.2%
11th Feb 2006 @ Aston Villa
Celestine Babayaro
36.1%
31st Oct 1998 V West Ham
Stuart Pearce
33.8%
19th April 2003 @ Fulham
Andy Griffin
32.3%
28th Dec 1998 @ Liverpool
Dietmar Hamann
26.9%
24th May 2009 @ Aston Villa
David Edgar
26.9%
19th Oct 2013 V Liverpool
Mapou Yanga-Mbiwa
25.2%
22nd Feb 2020 @ Crystal Palace
Valentino Lazaro
23.2%
18th Aug 2018 @ Cardiff
Issac Hayden :
22.6%
29th Sept 2019 @ Leicester
Issac Hayden :
22.6%
10th Dec 2011 @ Norwich
Dan Gosling
21.8%
Quiz Playlist
Details
Report
Send in Message
Add To Playlist
More Info:
Can you name the newcastle players sent off in the premier league?
Classic:
Type in answers that appear in a list
Last Updated: Feb 16, 2017
Quiz Scoreboard
CHALLENGE
Sign Up to Join the Scoreboard
Show All
Scores
Hide
Comments
May contain spoilers
Recently Published
Image Sorting: Flags VI
by Barbecue
Geography
2m
Find the 'City' Movie
by crazypaving
Movies
60s
Colored Red Africa Blitz
by spor1
Geography
45s
More to Explore
Quiz From the Vault
Featured Blog Post
14 Easter Pick-up Lines to Find Eggs With
hide this ad
You Might Also Like...
Tags
Premier League Quiz
League
Matching
Newcastle United
Player
Premier
Red
Today's Top Quizzes in Sports
Browse Sports
hide this ad
Today's Top Quizzes in Premier League
Browse Premier League
Top Contributed Quizzes in Sports
1
Les meilleurs buteurs des matchs entre le PSG et l’OM
2
Les entraîneurs de l'OM et du PSG au 21e siècle
3
Les joueurs passés par le PSG et l'OM
4
2022 World Cup Stars
5
Players with Multiple 50 Home Run Seasons
6
Criteria MLB: Left Handed Sluggers
7
Les joueurs passés par le LOSC et le RC Lens
8
NBA Logic Puzzle 2.0
9
MLB Players with Two .350 Batting Average Seasons
10
FIFA Club World Cup Champions
Explore More
Trending Topics
Disney
Kpop
Anime
Crossword
Marvel
NBA
Harry Potter
Country
Song
Puzzle
NFL
Pokémon
The Office
WWE
Soccer
hide this ad
More By:
jamesrodge
Quiz
Plays
Rating
Category
Featured
Created
PDC Darts Major Winners
1,259
Sports
Feb 6, 2010
English Football all 3 Major trophy wins
1,159
3.75
Sports
Apr 8, 2010
Ex Newcastle players in premier league
1,090
3.50
Sports
Mar 8, 2010
Newcastle United red cards premier league
784
4.67
Sports
Mar 14, 2010
Newcastle united Premier league Goalkeepers
725
2.50
Sports
Jan 20, 2010
Go to Creator's Profile
Score Distribution
Quiz Creator Spotlight
jamesrodge
Follow
Send a Message
Quizzes Created
-
Created Quiz Play Count
-
More By This Creator
Popular Quizzes Today
1
Colored Red Africa Blitz
2
Find the US States - No Outlines Minefield
3
Find the 'City' Movie
4
5x2 Blitz: Bands
5
The Countries of the World
6
Find the US States
7
Find the Countries of Europe - No Outlines Minefield
8
US States
More Sports Quizzes
Dirk Nowitzki's Top Scoring Teammates per Season
Published
Trending Quizzes
Colored Red Europe Blitz I
Colored Red Europe Blitz II
Colored Red Africa Blitz II
Colored Red Europe Blitz III
Colored Red Africa Blitz III
Recently Updated
How Do You Spell That?
pecheneg
Godzilla Movies
pecheneg
Grab Bag: 4-10 Letters
pecheneg
2024 March Madness Bracket
pecheneg
Famous TV Couples
Peacemaker
Champions League XIs: Real Madrid
pecheneg
Largest US Cities 1790-2010
pecheneg
Rides in Walt Disney World
pecheneg
Most Oscar Losses (Acting)
pecheneg
Beyoncé Albums
pecheneg
Trending Topics
Anime
Crossword
Disney
Marvel
Kpop
Harry Potter
NBA
Soccer
NFL
WWE
The Office
Pokémon
Puzzle
Song
Country
Your Account Isn't Verified!
In order to create a playlist on Sporcle, you need to verify the email address you used during registration. Go to your
Sporcle Settings
to finish the process.
Report this User
Report this user for behavior that violates our
Community Guidelines
.
Details:
Send Report
Go to the Sporcle.com Mobile Site →
Comments